01987nam a2200253Ia 4500952010900000952010900109999001700218008004100235020001500276050001700291100003700308245011500345260004200460300004200502500011200544505076100656519009201417519008901509650003201598650004001630650001201670700004401682942000701726 00104070a11b11d2007-01-08l13oQP360 E73 2002p11 005933r2014-11-18s2014-11-18t2w2012-06-26yLB 00104070a11b11d2010-01-13l18oQP360 E73 2002p11 008196r2024-07-03s2024-06-14t1w2012-06-26yLB c71353d71353120626s2002 mx a 000 0 spa d a9684269668 aQP360 bE73  aEscobar Briones, Carolinaeautor aMotivacion y conductab: sus bases biológicas c/ Carolina Escobar Briones; Raul Antonio, Aguilar Robledo  aMéxicob: El manual modernoc, 2002 axviii, 420 páginasb: ilustraciones aIncluye: Autores (pp. v-vi), Prólogo (pp. vii-ix), Introducción (pp.xvii-xviii), Índice (pp. 405-420) a¿Qué son las conductas motivas? una breve historia Organización anatómica y funcional del sistema nerviosa Organización anatómica y funcional del sistema endocrino Ritmos biológicos y mecanismos generales de regulación Estrategias para estudiar las conductas motivadas Los mecanismos de la motivación El ciclo sueño- vigilia La neuroquíomica del sueño Se y micción Alimentación y balance energético Hambre y saciedad Regulación de la temperatura Conducta de acicalamiento Conducta sexual masculina Conducta sexual femenina Conducta maternal Anatomía funcional de las emociones La neuroquímica de las emociones El juego y otras conductas en la ontogenia temprana Motivaciones sociales aPlan UNAM / bPsicología / cAprendizaje y conducta adaptativa (1200) / d(11 008196) aPlan UNAM / bPsicología / cNeurobiología y adaptación (1203) / d(11 005933) 0aMOTIVACIÓN (PSICOLOGÍA) 0aCONDUCTA HUMANAxBASES BIOLÓGICAS 0aCEREBRO aAguilar Robledo, Raúl Antonio eautor cLB